| 000 | 00924nam a2200265 a 4500 | ||
|---|---|---|---|
| 001 | 000039893 | ||
| 005 | 20201002033808.0 | ||
| 008 | 130726s2013 dr 001 m spa d | ||
| 020 | _a9789945455977 | ||
| 040 |
_aDO-SdBNP _bspa _cBNPHU |
||
| 082 |
_aPR868.5 _bC828c |
||
| 100 | 1 |
_aCortés Vélez, Dinorah, _d1971- _928410 |
|
| 245 | 1 | 0 |
_aCuarentena y otras pejigueras menstruales / _cDinorah Cortés Vélez. |
| 260 |
_aSan Juan, Puerto Rico : _aSanto Domingo : _bIsla Negra, _c2013. |
||
| 300 |
_a122 p. ; _c23 cm. |
||
| 490 | 1 | _aLos Nuevos Caníbales | |
| 500 | _aIncluye datos biográficos del autor en la solapa de la cubierta | ||
| 650 | 4 |
_aPoesía puertorriqueña _91015 |
|
| 650 | 4 |
_aCuentos puertorriqueños _9249 |
|
| 650 | 4 |
_aProsa puertorriqueña _939063 |
|
| 650 | 4 |
_aLiteratura puertorriqueña _9250 |
|
| 830 | 0 |
_aLos Nuevos Caníbales _9635 |
|
| 910 | _aValidado. Control de calidad EMS | ||
| 049 | _aBNPD | ||
| 999 |
_c39383 _d39383 |
||